000 nam a22 a 4500
999 _c374750
_d374750
003 BLK
005 20221208031013.0
008 200714b bu ||||| |||| 00| 0 bu d
020 _a954460040X
040 _aBLK
041 _aBUL
_cBUL
080 _aСоциално осигуряване при старост, инвалидност. Пенсии
_b368.43
_x(497.2)(094.9)
_z368.43(497.2)(094.9)
100 _9285737
_aСлавова, Зоя
_eпърви автор
139 _aСлавова, Зоя
_bС 43
245 _aАктуализации и индексации на пенсиите за времето след 1.11.1990 г.
_bСправочник
_cЗоя Славова, Емил Даков
260 _9209702
_aСофия
_bДикта-Интелект
_c1994
300 _a40 с.
_bс табл.
_c21 см
380 _a3
490 _9208818
_aБиблиотека Обществено осигуряване
_v6
650 0 _9315851
_aПенсии - България - обществено осигуряване
653 7 _9193518
_aпенсии
700 _aДаков, Емил
_eсъавт.
_91445
852 _aЦб 177948
942 _cKNG
_n0
_s1
944 _aCR
_c2020-07-14
_kВаля Йорданова